| 000 | 00354nam a2200145Ia 4500 | ||
|---|---|---|---|
| 008 | 230917s9999||||xx |||||||||||||| ||und|| | ||
| 040 |
_e4137 _aMAIN |
||
| 041 | _aEnglish | ||
| 082 | _a332.46 D33O | ||
| 100 | _aDay, A C L | ||
| 245 | 0 | _aOutline of monetary economics | |
| 260 |
_aOxford _bClarendon Press _c1963 |
||
| 300 | _axiii, 559 p. | ||
| 942 | _cBK | ||
| 999 |
_c79289 _d79289 |
||